Il matrimonio e la famiglia nel disegno di Dio (Record n. 360695)

Dettagli MARC
000 -LEADER
campo di controllo lung. fissa 00559nam a22002057a 4500
003 - Identificatore del numero di controllo
campo di controllo IT-MiCISF
005 - Data e orario dell'ultima transazione
campo di controllo 20251222145929.0
008 - Elementi di lunghezza fissa--Informazione generale
campo di controllo lung. fissa 251222b |||||||| |||| 00| 0 eng d
040 ## - Fonte della catalogazione
Agenzia che fa la trascrizione IT-MiCISF
041 ## - Codice di lingua
Codice di lingua del testo/traccia sonora o titolo separato it
100 ## - Accesso principale -- nome di persona
Nome di persona Giovanni Paolo II
9 (RLIN) 306
245 ## - Formulazione del titolo
Titolo Il matrimonio e la famiglia nel disegno di Dio
250 ## - Formulazione di edizione
Formulazione di edizione "La casa", n. 1, gennaio-febbraio
260 ## - Pubblicazione, distribuzione, ecc. (stampa)
Data di pubblicazione, distribuzione, ecc. 1982
300 ## - Descrizione fisica
Estensione pp. 17-30
500 ## - Nota generale
Nota generale matrimonio-sacramento, ministero-coniugale, donna, magistero
650 ## - Accesso aggiunto di soggetto--termine topico
Termine topico o nome geografico come accesso Matrimonio
654 ## - Accesso aggiunto di soggetto--termini topici faccettati
Termine principale antologia
942 ## - Dati aggiuntivi (Koha)
Fonte della classificazione o dello schema di collocazione (segnatura) Dewey Decimal Classification
Tipo copia default (Koha) RIVISTA
Dati di copia
Ritirato (status) Perso (status) Fonte della classificazione o dello schema di collocazione (segnatura) Danneggiato (status) Non per il presito Biblioteca proprietaria Biblioteca in cui si trova Data d'acquisizione Totale prestiti Collocazione Data ultima operazione Prezzo in vigore dal Tipo copia default (Koha)
    Dewey Decimal Classification Buone Condizioni Not For Loan CISF - Milano CISF - Milano 22/12/2025   A50/R185 22/12/2025 22/12/2025 RIVISTA
CREDITS: SOCIETA' SAN PAOLO Via A.Severo, 58 - ROMA (RM) & PERIODICI SAN PAOLO SRL Via Giotto, 36 MILANO & CISF Via Giotto, 36 MILANO & EDIZIONI SAN PAOLO SRL,  Piazza Soncino, 5 CINISELLO BALSAMO (MI) -- ITALY